LIBRARY & INFORMATION CENTRE, KCAET, TAVANUR

ONLINE PUBLIC ACCESS CATALOGUE (OPAC)

Emma / (Record no. 11974)

MARC details
000 -LEADER
fixed length control field 00414cam a2200181ua 4500
041 ## - LANGUAGE CODE
Language code of text/sound track or separate title eng
082 ## - DEWEY DECIMAL CLASSIFICATION NUMBER
Classification number 823.308
Item number AUS/EM
100 ## - MAIN ENTRY--AUTHOR NAME
Personal name Austen, Jane .
245 ## - TITLE STATEMENT
Title Emma /
250 ## - EDITION STATEMENT
Edition statement 1 /
260 ## - PUBLICATION, DISTRIBUTION, ETC. (IMPRINT)
Place of publication London :
Name of publisher The zodiac press ,
Year of publication 1960.
300 ## - PHYSICAL DESCRIPTION
Number of Pages 367 ; .
942 ## - ADDED ENTRY ELEMENTS (KOHA)
Koha item type Books
Holdings
Withdrawn status Lost status Damaged status Home library Current library Date acquired Full call number Accession Number Koha item type
Withdrawn     KAUAET KAUAET 28/01/2021 823.308 AUS/EM 5464 Books
Withdrawn     KAUAET Sanskrit University 07/04/2012 823.308 4755 Books
free website counter